上海的豪門舊夢

資料類型: Book 圖書   書目號:41940

Leader xxxxxxxxxx
001 __ PCLIS00041940
005 __  20030324190541.0
008 __  chi
010 0_ |a957-08-2297-X|b平裝|dNT$280
020 __ |acw|b90015267
042 __ |anbi9801cas
090 __ |a(nbi)b41385664
100 __ |a20010831d2001    m  y0chib09      e
101 0_ |achi
102 __ |atw
105 __ |aac  z   000zd
200 1_ |a上海的豪門舊夢|e|f宋路霞著
205 __ |a初版
210 __ |a臺北市|c聯經|d2001[民90]
215 0_ |a351面|c圖, 像|d21公分
225 2_ |a文化叢刊|v
260 1_ |a2001
300 __ |a
410 _0 |12001 |a文化叢刊
681 __ |a857.85|b8657
700 _1 |a|b路霞|f1952-|4|3NO000200332
702 __ |a|b|4
801 _0 |atw|bCIP|c20010831|gCCR
801 _1 |atw|bCIP|c20010831|gCCR
801 _2 |atw|b元智|c20030324|gCCR
詳細館藏(共 1 筆)
索 書 號登 錄 號冊次號館別 / 館藏地流通類型狀態加入預約清單電子資源
857.85 / 8657 2017790  圖書館 / 一樓普通區 可外借30天 在館   

| 條列資料




目錄查詢 分類查詢 個人資料 圖書薦購 新書查詢 閉館日 排行榜 更多電子資源 Hami書城 線上資料庫 登出

From : 216.73.216.116

  本日流通累計至 21:06:10 借閱 : 6 次 續借 : 0 次 歸還 : 8 次 預約 : 0 次 電子資源 : 0 次


內湖高中圖書館  PCLIS 版本  25.5.0.2